000
00452nam a2200133Ia 4500
008
100204s9999 xx 000 0 und d
082
_b
12419
100
_a
कुरळे श्याम
245
_a
पशुंचे संमेलन
260
_b
"प्रयत्न प्रकाशन , औदुंबर"
630
_a
पशुंचे संमेलन
730
_a
पशुंचे संमेलन
942
_c
BOOK
999
_c
456852
_d
456849